| 000 | 01139nam a2200313 c 4500 | ||
|---|---|---|---|
| 003 | BLK | ||
| 005 | 20180421000248.0 | ||
| 008 | 180411b bul|||||r ||||||| ||bul|| | ||
| 010 | _aKNG00193275000 | ||
| 020 |
_a978-954-03- _bиздат.: Техника |
||
| 040 | _aBLK | ||
| 041 |
_aBUL _cBUL |
||
| 080 |
_aМебелно производство. Тапицерство _b684 _x _z684 |
||
| 100 | 1 |
_aДундов, Димитър Наумов _eпърви автор _9343484 |
|
| 139 |
_aДундов, Димитър Наумов _bД 93 |
||
| 245 | 1 | 0 |
_aБоядисване на мебелите _cДимитър Наумов Дундов. |
| 257 | _aBGR | ||
| 260 |
_аСофия _bТехника _c1965 |
||
| 300 |
_a80 с. _c18 см |
||
| 380 | _a62 | ||
| 490 | 1 |
_aБиблиотека на мебелиста _v8 |
|
| 650 | 4 |
_aМебелна промишленост _9249309 |
|
| 653 | _aмебелна промишленост | ||
| 852 | _aЦб І 7401 | ||
| 856 | 4 |
_qpdf _u |
|
| 856 | 4 |
_qpdf _u |
|
| 942 |
_cKNG _n0 |
||
| 944 |
_aCR _c15.10.2016 _kРадостина_Карадакова |
||
| 944 |
_aED _c15.10.2016 _kРадостина_Карадакова |
||
| 999 |
_c184322 _d184322 |
||